00625nam a2200181 a 450000100100000000500170001000800410002704000250006808200150009310000350010824500550014326000440019830000200024250000420026204900090030495201130031399900170042600002692020200930030506.0110328s1953 dr 000 0 spa d aDO-SdBNPbspacBNPHU axxxbA322f1 aAlardo Acosta, Mauricio95402410aFacetas de un régimen /cMauricio Alardo Acosta. aCiudad TrujillofImprenta Rinconc1953. a58 p. ;c24 cm. aIncluye notas al pie de las páginas aBNPD 0010718PDaPDbPDcCTd2011-03-28iLF1l0oxxx A322fp26920-10r2020-06-25w2020-06-25yLFPDZNo se presta c26412d26412